000 00749nam a22002057a 4500
999 _c17548
_d17548
003 AR-CdUCM
008 190509b ||||| |||| 00| 0 spa d
040 _aMUNICIPALIDAD PROVINCIAL DEL CUSCO
_cBIBLIOTECA MUNICIPAL DEL CUSCO
082 _22ed.
_a338.5 /
_bB26
100 _aBaudin, Louis
_916388
245 _aEl mecanismo de los precios /
260 _aMéxico, D.F :
_bFondo de Cultura Económica,
_c1945.
300 _a131 páginas ;
_c20 cm.
505 _aContenido: La formación de los precios -- El movimiento de los precios -- Las posibilidades de dirección y de supresión...
650 _aEconomía
_9382
650 _aPrecios
_95669
700 _aPolo, Vicente (traductor)
_937626
942 _2ddc
_cLIBROS
945 _aacv
_d2019-05-09